000 03210nam a2200325 i 4500
003 CSPC
005 20260421162240.0
007 ta
008 231122s2021 ph a m 00| 0beng
040 _aCSPC
_beng
_cCSPC
_erda
090 _aUTH BSOA M314c 2021
100 1 _aMangunay, Germaine V.,
_dauthor.
245 1 0 _aComparison of stress level among traditional and flexible online learning among the students in Camarines Sur Polytechnic Colleges Buhi Campus school year 2021-2022 /
_cGermaine V. Mangunay, Mary Rose O. REsurreccion, and Anthony E. Caceres.
260 _aBuhi, Camarines Sur :
_bCamarines Sur Polytechnic Colleges,
_c2021.
300 _a73 leaves :
336 _2rdacontent
_atext
337 _2rdamedia
_aunmediated
338 _2rdacarrier
_avolume
502 _aUndergraduate Thesis (BSOA)- Office Administration.
_cCamarines Sur Polytechnic Colleges, 2021.
504 _aIncludes bibliographical references.
520 3 _aThis study aims to determine the comparison of traditional and online flexible learning from the students' perspective. Specifically, it contains the stress level they are encountering in each two learning modalities. The stress levels are demonstrated by rating the two modes of learning from not stressful to strongly stressful. The total of 30 respondents in Camarines Sur Polytechnic Colleges Buhi Campus serves as the respondents of this study. Checklist questionnaires were used to gathered data for the said study. The questionnaires are distributed by the researchers through goggle forms to determine which learning modalities are stressful. Quantitative research method was applied to achieve study's objective. In addition, the respondents examined the results of the stressors in each learning modalities. As the gathered data shown, the stressor of online learning are the internet connection, lack of gadgets used, etc. And for the traditional learning, stressors are the pressure in the family, the expenses for transportation, etc. Many conclusions were formed including that there are students who see traditional mode of learning as more stressful than flexible mode of learning, while some see flexible mode of learning as more stressful. Different perspective depending on how they see the situation. Researchers have series of recommendation to address the said problem for the students, parents, relatives, professors, institutions, and the government to lessen the stress encountering in the two modes of learning. The research results can help practitioners and educators better understand student's situation in studying whether online or traditional learning, better understanding and taking action about the said problem will help students to reduce the stress level in the traditional as well as in the flexible online learning.
700 1 _aResurreccion, Maryrose O.,
_eauthor.
700 1 _aCaceres, Anthony E.,
_eauthor.
720 1 _aOliveros, Josefin N.,
_eadviser.
720 1 _aInfnate, Leonisa O.,
_epanelist, chair.
720 1 _aRosal, Jhomer I.,
_epanelist.
720 1 _aSecundo, Rey O.,
_epanelist.
942 _2ddc
_n0
_cUM
_hM314c
_iBSOA
_kUTH
_m2021
999 _c26588
_d26588